Semillas (Registro nro. 16468)
[ vista simple ]
| 000 -CABECERA | |
|---|---|
| Campo de control | 006170000a22002170004500 |
| 041 0# - IDIOMA | |
| Código de idioma para texto/pista de sonido o título separado | |
| 090 ## - CLASIFICACIÓN LOCAL | |
| Colección | MM |
| Consecutivo | 00005 |
| 041 0# - IDIOMA | |
| Código de idioma para texto/pista de sonido o título separado | |
| 044 ## - PAÍS DE PUBLICACIÓN | |
| País de publicación | |
| 110 1# - ASIENTO PRINCIPAL--NOMBRE CORPORATIVO | |
| Nombre corporativo o de jurisdicción como elemento de entrada | Instituto Nacional de los Recursos Renovables y del Ambiente |
| -- | INDERENA |
| 245 10 - MENCION DE TITULO | |
| Título | Semillas |
| 260 ## - PUBLICACION, DISTRIBUCION, ETC. (PIE DE IMPRENTA) | |
| Lugar de publicación, distribución, etc. | Bogotá |
| Nombre del editor, distribuidor, etc. | INDERENA |
| Fecha de publicación, distribución, etc. | 1992 |
| 300 ## - DESCRIPCION FISICA | |
| Extensión | 20 min |
| Otros detalles físicos | BETA |
| 650 14 - ASIENTO SECUNDARIO DE MATERIA - TERMINO TEMATICO | |
| Término temático o nombre geográfico como elemento de entrada | Semillas forestales |
| 650 14 - ASIENTO SECUNDARIO DE MATERIA - TERMINO TEMATICO | |
| Término temático o nombre geográfico como elemento de entrada | Germinación |
| 650 14 - ASIENTO SECUNDARIO DE MATERIA - TERMINO TEMATICO | |
| Término temático o nombre geográfico como elemento de entrada | Pruebas de viabilidad |
| 650 14 - ASIENTO SECUNDARIO DE MATERIA - TERMINO TEMATICO | |
| Término temático o nombre geográfico como elemento de entrada | Anatomía vegetal |
| 650 14 - ASIENTO SECUNDARIO DE MATERIA - TERMINO TEMATICO | |
| Término temático o nombre geográfico como elemento de entrada | Especies forestales nativas |
| 651 #4 - ASIENTO SECUNDARIO DE MATERIA - NOMBRE GEOGRAFICO | |
| -- | Colombia |
| 942 ## - ELEMENTOS ADICIONALES (KOHA) | |
| Tipo de ítem | CD-ROM |
| Withdrawn status | Lost status | Sistema de Clasificación | Damaged status | No para préstamo | Colección | Ubicación Permanente | Ubicación actual | Fecha de adquisición | Fuente de Valor | Total Checkouts | Número topográfico | Inventario / Código de Barras | Date last seen | Ejemplar | Price effective from | Forma de adquisición | Tipo de material |
|---|---|---|---|---|---|---|---|---|---|---|---|---|---|---|---|---|---|
| Local | Audiovisual | Bogotá | Bogotá | 09/02/2017 | Inderena | AV-00005 | 018189 | 25/03/2015 | Ej. 1 | 25/03/2015 | Donación | Betamax | |||||
| Local | Audiovisual | Bogotá | Bogotá | 09/02/2017 | Inderena | AV-00005 | 018190 | 25/03/2015 | Ej. 2 | 25/03/2015 | Donación | Betamax | |||||
| Local | Audiovisual | Bogotá | Bogotá | 09/02/2017 | Inderena | AV-00005 | 018221 | 25/03/2015 | Ej. 3 | 25/03/2015 | Donación | Betamax | |||||
| Local | Audiovisual | Bogotá | Bogotá | 09/02/2017 | Inderena | AV-00005 | 018222 | 25/03/2015 | Ej. 4 | 25/03/2015 | Donación | Betamax | |||||
| Audiovisual | Villa de Leyva | Villa de Leyva | 27/02/2015 | INDERENA | MM 00005 | AUTO_19821 | 25/03/2015 | 25/03/2015 | CD-ROM |